[Event "Barcelona Sants op-C 23rd"]
[Site "Barcelona"]
[Date "2022.08.26"]
[Round "8"]
[White "Bruguera Bullich, Joan"]
[Black "Flores Munoz, Daniel"]
[Result "1/2-1/2"]
[WhiteElo "1755"]
[BlackElo "1532"]
[PlyCount "54"]
[EventDate "2022.08.19"]
[EventType "swiss"]
[EventRounds "10"]
[EventCountry "ESP"]
[SourceTitle "EXT 2023"]
[Source "ChessBase"]
[SourceDate "2022.10.05"]
[SourceVersion "1"]
[SourceVersionDate "2022.10.05"]
[SourceQuality "1"]

1. d4 e6 2. c4 f5 3. Nc3 Nf6 4. Nf3 d5 5. Bf4 Bd6 6. Bxd6 Qxd6 7. e3 c6 8. Bd3 0-0 9. 0-0 Nbd7 10. Qc2 Ne4 11. a3 a6 12. b4 Nxc3 13. Qxc3 Nf6 14. a4 Bd7 15. Ne5 Rfc8 16. Nxd7 Qxd7 17. c5 Qc7 18. Qb2 Ng4 19. g3 Qf7 20. Kg2 Nf6 21. h4 Rf8 22. b5 axb5 23. axb5 Rxa1 24. Rxa1 Qe8 25. bxc6 bxc6 26. Qb7 Qc8 27. Qxc8 Rxc8 1/2-1/2